000 00403nam a2200145Ia 4500
008 100122s9999 xx 000 0 und d
082 _b52851
_a81
100 _aभावे अनंत
245 _aवडापाव
260 _bमेहता पब्लिकेशन हाऊस
_c1993
300 _a267
630 _aवडापाव
730 _aवडापाव
942 _cBOOK
999 _c430012
_d430009